000 01002nam a22003017a 4500
003 CHAP
005 20220329134259.0
008 971013s1982 r 00010 d
010 _a18045
011 _a19017
035 _a23102
040 _cCHAP
090 _aFolleto 7596
100 0 0 _aDelgadillo Sánchez, Felipe.
_931579
245 _aGuía para cultivar girasol en el estado de Guanajuato
260 _aCelaya, Gto. :
_bINIA. Campo Agrícola Experimental de EL Bajío,
_c1982
300 _a16 p.
_b: ilus.
490 _aINIA. México. CIANO. Folleto para productores : 6
590 _aBATCH-UPD
_b10
_c20130110
_lUCH01
_h2125
590 _aBATCH-UPD
_b10
_c20130410
_lUCH01
_h1435
590 _aBATCH-UPD
_b10
_c20130914
_lUCH01
_h1139
590 _aCONVERSION
_b10
_c20130109
_lUCH01
_h1311
650 1 4 _aGirasol.
_948126
830 0 _aINIA. México. CIANO. Folleto para productores : 6
_958574
901 _aBK
942 _cFOLL
949 _aFolleto 7596
_bBC
_cFOLL
_d-53893
_eTS1
_i23102
_mD
_si
999 _c18045
_d18045